| 000 | 01125cam a2200325M 4500 | ||
|---|---|---|---|
| 001 | 46284 | ||
| 005 | 20230410142342.0 | ||
| 008 | 890823s1941 ag f a 000 0 spa c | ||
| 010 | _aa 41004410 | ||
| 035 | _a(OCoLC)ocm23702701 | ||
| 040 |
_aEYM _cEYM _dOCLCQ |
||
| 035 | _a(OCoLC)23702701 | ||
| 043 | _ae-gx--- | ||
| 050 | 1 | 4 |
_aBX 1536 _bC933 1941 |
| 082 | 0 | 0 | _a261.70943 |
| 049 | _aGRAL | ||
| 245 | 0 | 3 |
_aEl cristianismo en el tercer reich : _bhechos y documentos relativos a las condiciones de la iglesia católica en al Alemania actual. |
| 260 |
_aBuenos Aires : _bEditorial "La Verdad", _c1941. |
||
| 300 |
_a2 v. _bplates. _c20 cm. |
||
| 500 | _aAt head of title: Testis fidelis. | ||
| 500 | _aEnglish translation (London, Burns, Oates) has title: The persecution of the Catholic church in the third reich. | ||
| 500 | _aTranslation of Der Todfeind des Christentums. | ||
| 610 | 2 | 0 |
_aCatholic Church _zGermany. |
| 650 | 0 |
_aChurch and state _zGermany _xHistory _y1933-1945. |
|
| 650 | 0 | _aNational socialism. | |
| 730 | 0 | _aTestis fidelis. | |
| 942 |
_2lcc _cbk |
||
| 946 | _amfcruz | ||
| 994 |
_aC0 _bDRFGD |
||
| 999 |
_c94110 _d94110 |
||